书目信息 |
| 题名: |
中国情感
|
|
| 作者: | 刘枫 著 | |
| 分册: | ||
| 出版信息: | 沈阳 辽宁人民出版社 2008.01 |
|
| 页数: | 401页 | |
| 开本: | 24cm | |
| 丛书名: | ||
| 单 册: | ||
| 中图分类: | I207.62 | |
| 科图分类: | ||
| 主题词: | 书信--shu xin--鉴赏--中国--古代 | |
| 电子资源: | ||
| ISBN: | 978-7-205-06180-7 | |
| 000 | 00801nam0 2200241 450 | |
| 001 | 012009059854 | |
| 005 | 20090624141225.25 | |
| 010 | @a978-7-205-06180-7@dCNY38.00 | |
| 100 | @a20090624d2008 em y0chi0120 ea | |
| 101 | 0 | @achi |
| 102 | @aCN@b210000 | |
| 105 | @aach z 000yy | |
| 106 | @ar | |
| 200 | 1 | @a中国情感@Azhong guo qing gan@e品读家书@f刘枫著@Fliu feng zhu |
| 210 | @a沈阳@c辽宁人民出版社@d2008.01 | |
| 215 | @a401页@c图, 肖像, 摹真@d24cm | |
| 330 | @a本书鉴赏了古代名人的家书,如司马光的《训俭示康》、欧阳修的《与十二侄》、诸葛亮的《家书两封》、史可法的《遗书》等。 | |
| 517 | 1 | @a品读家书@Apin du jia shu |
| 606 | 0 | @a书信@Ashu xin@x鉴赏@y中国@z古代 |
| 690 | @aI207.62@v4 | |
| 701 | 0 | @a刘枫@Aliu feng@4著 |
| 801 | 0 | @aCN@bQSSK@c20090624 |
| 905 | @b749308-10@dI207.62@eL612@f3 | |
| 中国情感:品读家书/刘枫著.-沈阳:辽宁人民出版社,2008.01 |
| 401页:图, 肖像, 摹真;24cm |
| ISBN 978-7-205-06180-7:CNY38.00 |
| 本书鉴赏了古代名人的家书,如司马光的《训俭示康》、欧阳修的《与十二侄》、诸葛亮的《家书两封》、史可法的《遗书》等。 |
| ● |
| 相关链接 |
|
|
|
正题名:中国情感
索取号:I207.62/L612
 
预约/预借
| 序号 | 登录号 | 条形码 | 馆藏地/架位号 | 状态 | 备注 |
| 1 | 749308 | 207493087 | 社科二线400B/400B社科库 11排3列6层/ [索取号:I207.62/L612] | 在馆 | |
| 2 | 749309 | 207493096 | 社科二线400B/108文学库 10排4列5层/ [索取号:I207.62/L612] | 在馆 | |
| 3 | 749310 | 207493103 | 文学库108/108文学库 10排4列5层/ [索取号:I207.62/L612] | 在馆 |